Điều tra hiện trạng nguồn lợi cá trê vàng (Clralias macrocephalus) ờ các tỉnh Đồng bằng Sông Cửu Long : Luận văn Thạc sĩ. Ngành Quản lý Nguồn lợi Thủy sản

Điều tra hiện trạng nguồn lợi cá trê vàng (Clralias macrocephalus) ờ các tỉnh Đồng bằng Sông Cửu Long

সংরক্ষণ করুন:
গ্রন্থ-পঞ্জীর বিবরন
প্রধান লেখক: Lê, Nguyễn Ngọc Thảo
বিন্যাস: গ্রন্থ
ভাষা:Undetermined
প্রকাশিত: Cần Thơ Trường Đại học Cần Thơ 2016
বিষয়গুলি:
ট্যাগগুলো: ট্যাগ যুক্ত করুন
কোনো ট্যাগ নেই, প্রথমজন হিসাবে ট্যাগ করুন!
Thư viện lưu trữ: Trung tâm Học liệu Trường Đại học Cần Thơ
LEADER 01060nam a2200217Ia 4500
001 CTU_216314
008 210402s9999 xx 000 0 und d
082 |a 639.2 
082 |b Th108 
088 |a 60620305 
100 |a Lê, Nguyễn Ngọc Thảo 
245 0 |a Điều tra hiện trạng nguồn lợi cá trê vàng (Clralias macrocephalus) ờ các tỉnh Đồng bằng Sông Cửu Long : 
245 0 |b Luận văn Thạc sĩ. Ngành Quản lý Nguồn lợi Thủy sản 
245 0 |c Lê Nguyễn Ngọc Thảo ; Trần Đắc Định, Dương Thúy Yên (Cán bộ hướng dẫn) 
260 |a Cần Thơ 
260 |b Trường Đại học Cần Thơ 
260 |c 2016 
520 |a Điều tra hiện trạng nguồn lợi cá trê vàng (Clralias macrocephalus) ờ các tỉnh Đồng bằng Sông Cửu Long 
650 |a Nguồn lợi thủy sản,Fishery resources 
904 |i Nguyên 
980 |a Trung tâm Học liệu Trường Đại học Cần Thơ